000
00230 a2200097 4500
020
_a
9781443428262
041
_a
eng
100
_a
Catharina Ingelman Sundberg
245
_a
The little old lady who broke all the rules
942
_c
BK
999
_c
27714
_d
27714